00389nam a2200133Ia 45000010005000000080041000050200022000460820021000681000018000892450080001072600026001879010027002139990015002403815241024s9999 xx 000 0 und d a978-9945-8014-2-3 aRD/741.683/V422a aBernardo Vega 0aAntiguas tarjetas postales dominicanas. De la colección de Miguel D. Mena bAmigo del Hogarc2014 a16/9/2014 9:35:35 a.m. c7959d7959